[Event "7th Asia-ch"]
[Site "Subic Bay PHI"]
[Date "2009.05.15"]
[Round "3"]
[White "Antonio, Rogelio jr"]
[Black "Nguyen Van Huy"]
[Result "1-0"]
[WhiteElo "2518"]
[BlackElo "2423"]
[EventDate "2009.05.13"]
[PlyCount "109"]

1.e4 c5 2.Nf3 Nc6 3.Bb5 g6 4.Bxc6 dxc6 5.d3 Bg7 6.h3 Nf6 7.Nc3 O-O 8.Be3 
b6 9.Qd2 e5 10.Bh6 Qd6 11.O-O Ne8 12.Ne2 Nc7 13.Bxg7 Kxg7 14.Nh2 Ne6 15.b3
a5 16.a4 f6 17.Ng4 Nd4 18.Nxd4 cxd4 19.Nh2 Qb4 20.Qc1 g5 21.Qd1 Be6 22.Re1
b5 23.Nf1 c5 24.axb5 Qxb5 25.Ra4 Bd7 26.Ng3 Qb7 27.Ra1 a4 28.bxa4 Rxa4 29.
Qf3 Rb4 30.Ra5 Rb1 31.Rxb1 Qxb1+ 32.Kh2 Qb6 33.Ra3 Kh8 34.Qh5 Kg7 35.h4 
gxh4 36.Qxh4 h6 37.Qh5 Kh7 38.Nf5 Bxf5 39.Qxf5+ Kg7 40.Qg4+ Kh8 41.Qg6 Qc7
42.Qxh6+ Kg8 43.Qg6+ Kh8 44.Ra6 Qe7 45.Rc6 Qh7+ 46.Qxh7+ Kxh7 47.Rxc5 Kg6 
48.g3 Kg5 49.Kg2 Ra8 50.Kf3 Ra6 51.Rc8 Rb6 52.Rg8+ Kh6 53.Ke2 Kh7 54.Rc8 
Kg6 55.f4 1-0

[Event "7th Asia-ch"]
[Site "Subic Bay PHI"]
[Date "2009.05.15"]
[Round "3"]
[White "Yu Yangyi"]
[Black "Nguyen Anh Dung"]
[Result "1-0"]
[WhiteElo "2433"]
[BlackElo "2518"]
[EventDate "2009.05.13"]
[PlyCount "135"]

1.e4 e5 2.Nf3 Nc6 3.Bb5 a6 4.Ba4 Nf6 5.O-O Be7 6.Bxc6 dxc6 7.Nc3 Bg4 8.h3 
Bh5 9.d3 Qd6 10.Qe2 Nd7 11.Qe3 O-O 12.Ne2 Rfe8 13.g4 Bg6 14.Ne1 Nc5 15.Qg3
Ne6 16.Ng2 c5 17.b3 b5 18.Bb2 Bf6 19.Rad1 Rad8 20.Ne3 c6 21.Kh1 Nf4 22.Qf3
Bg5 23.Nxf4 Bxf4 24.Ng2 h6 25.Kg1 Bg5 26.h4 Bf6 27.Qg3 Rd7 28.g5 hxg5 29.
hxg5 Bd8 30.f4 exf4 31.Nxf4 c4 32.e5 Rxe5 33.Bxe5 Qxe5 34.Rfe1 Qc5+ 35.d4 
Qxg5 36.Qxg5 Bxg5 37.Nxg6 fxg6 38.bxc4 bxc4 39.Re6 c5 40.d5 Bf6 41.Kg2 Bd4
42.Rxg6 c3 43.Rxa6 Rxd5 44.Re6 Kf7 45.Re2 Rg5+ 46.Kf3 Rf5+ 47.Ke4 Re5+ 48.
Kf3 Rf5+ 49.Kg3 Rf6 50.a4 Rg6+ 51.Kf3 Rf6+ 52.Kg2 Rg6+ 53.Kh1 Rh6+ 54.Rh2 
Ra6 55.Ra1 Ke6 56.Rh5 Kd6 57.Kg2 Kc6 58.Kf3 Kb6 59.Ke4 Ka5 60.Kd3 Rh6 61.
Rxh6 gxh6 62.Kc4 h5 63.Rf1 h4 64.Rf7 Bg1 65.Ra7+ Kb6 66.Rh7 Ka5 67.Rxh4 
Kxa4 68.Rh1 1-0

[Event "7th Asia-ch"]
[Site "Subic Bay PHI"]
[Date "2009.05.15"]
[Round "3"]
[White "Kunte, Abhijit"]
[Black "Wang Li"]
[Result "1-0"]
[WhiteElo "2513"]
[BlackElo "2401"]
[EventDate "2009.05.13"]
[PlyCount "111"]

1.d4 d5 2.Nf3 Nf6 3.c4 dxc4 4.e3 a6 5.Bxc4 b5 6.Be2 Bb7 7.O-O e6 8.a4 b4 
9.Ne5 Be7 10.Bf3 Bxf3 11.Qxf3 Qd5 12.Qxd5 Nxd5 13.Nd2 c5 14.dxc5 Bxc5 15.
Nb3 Be7 16.Rd1 O-O 17.e4 Nf6 18.f3 Ra7 19.Bf4 Nfd7 20.Rac1 Nxe5 21.Bxe5 f6
22.Bxb8 Rxb8 23.Nd4 Rd7 24.Nxe6 Rxd1+ 25.Rxd1 b3 26.Kf2 Kf7 27.Nd4 Rb4 28.
Nc6 Rc4 29.Nxe7 Kxe7 30.Ke3 Rxa4 31.Kd3 Rb4 32.Kc3 Rb5 33.Kc4 Rb6 34.Rd3 
Rc6+ 35.Kxb3 Rc1 36.Rd2 Rh1 37.h3 Ke6 38.Kb4 h5 39.Kc5 h4 40.f4 Rf1 41.
Rd6+ Kf7 42.Rxa6 Rxf4 43.b4 Rf2 44.b5 Rxg2 45.b6 Rc2+ 46.Kd6 Rd2+ 47.Kc7 
Rc2+ 48.Kb8 Ke6 49.b7+ Ke5 50.Ka8 Rb2 51.Ra4 g6 52.b8=Q+ Rxb8+ 53.Kxb8 Kf4
54.Ra6 Kg3 55.Rxf6 Kxh3 56.e5 1-0

[Event "7th Asia-ch"]
[Site "Subic Bay PHI"]
[Date "2009.05.15"]
[Round "3"]
[White "Batchuluun, Cegmed"]
[Black "Laylo, Darwin"]
[Result "1/2-1/2"]
[WhiteElo "2391"]
[BlackElo "2509"]
[EventDate "2009.05.13"]
[PlyCount "111"]

1.d4 Nf6 2.c4 g6 3.Nc3 d5 4.Nf3 Bg7 5.cxd5 Nxd5 6.e4 Nxc3 7.bxc3 O-O 8.Be3
c5 9.Rc1 Qa5 10.Qd2 Nd7 11.d5 Rd8 12.c4 Qxd2+ 13.Nxd2 f5 14.f4 fxe4 15.
Nxe4 b6 16.Be2 Nf6 17.Nxf6+ Bxf6 18.Bf3 h5 19.g3 Bh3 20.Kf2 Rd6 21.Bg2 
Bxg2 22.Kxg2 e6 23.dxe6 Rxe6 24.Kf3 Rd8 25.Rhd1 Red6 26.Rxd6 Rxd6 27.Ke2 
Bd4 28.Rd1 Re6 29.Rd3 Kf8 30.Kd2 Bxe3+ 31.Rxe3 Rc6 32.Rd3 Ke7 33.h3 Rf6 
34.Ke3 Re6+ 35.Kf3 Kf6 36.g4 hxg4+ 37.hxg4 Re7 38.Rd6+ Kf7 39.a3 Kg7 40.a4
Re1 41.Rd7+ Kf6 42.Rxa7 g5 43.fxg5+ Kxg5 44.a5 Rc1 45.axb6 Rxc4 46.Ra5 
Rf4+ 47.Ke3 Rb4 48.Rxc5+ Kxg4 49.Rc6 Kf5 50.Kd3 Ke5 51.Kc3 Kd5 52.Rd6+ 
Kxd6 53.Kxb4 Kc6 54.Ka5 Kb7 55.Kb5 Kb8 56.Kc6 1/2-1/2

[Event "7th Asia-ch"]
[Site "Subic Bay PHI"]
[Date "2009.05.15"]
[Round "3"]
[White "Yu Lie"]
[Black "Mahjoob, Morteza"]
[Result "0-1"]
[WhiteElo "2307"]
[BlackElo "2498"]
[EventDate "2009.05.13"]
[PlyCount "154"]

1.c4 g6 2.d4 Bg7 3.Nf3 d6 4.g3 Nd7 5.Nc3 e5 6.Bg2 Ne7 7.O-O O-O 8.e4 exd4 
9.Nxd4 Nc6 10.Be3 Nde5 11.b3 Ng4 12.Nxc6 Nxe3 13.Qd3 bxc6 14.Qxe3 Re8 15.
Qd3 Bb7 16.Rac1 a5 17.Rfd1 c5 18.Rc2 Bc6 19.Re2 Qb8 20.Rb1 Qb7 21.Nd5 Kf8 
22.h3 Rab8 23.f4 a4 24.Kh2 Qa7 25.Rbe1 axb3 26.axb3 Bxd5 27.Qxd5 Bc3 28.
Rc1 Bd4 29.e5 dxe5 30.fxe5 Rbd8 31.Qf3 Rxe5 32.Rxe5 Bxe5 33.Re1 Re8 34.Rf1
Re7 35.Rd1 Qa2 36.h4 Bd4 37.Rf1 h5 38.Qa8+ Qxa8 39.Bxa8 Re3 40.Rf3 Re2+ 
41.Kh3 Bg1 42.g4 Rh2+ 43.Kg3 Ra2 44.gxh5 Rxa8 45.hxg6 Kg7 46.Rxf7+ Kxg6 
47.Rxc7 Rb8 48.Kg4 Rxb3 49.h5+ Kf6 50.Rc6+ Ke5 51.h6 Rb8 52.h7 Rh8 53.Rh6 
Ke4 54.Rh3 Be3 55.Rh4 Ke5 56.Kf3 Bd4 57.Rh2 Kf5 58.Rh4 Kg6 59.Rg4+ Kxh7 
60.Ke4 Rd8 61.Rg2 Bg7 62.Kf5 Rd4 63.Rc2 Rd6 64.Rg2 Rd4 65.Rc2 Bh6 66.Kf6 
Bd2 67.Ke5 Kg6 68.Rb2 Bf4+ 69.Ke6 Rd6+ 70.Ke7 Ra6 71.Kd7 Kf5 72.Re2 Rd6+ 
73.Kc8 Re6 74.Rf2 Ke4 75.Kd7 Rh6 76.Rf1 Bd2 77.Rg1 Kd3 0-1

[Event "7th Asia-ch"]
[Site "Subic Bay PHI"]
[Date "2009.05.15"]
[Round "3"]
[White "Abu Sufian, Shakil"]
[Black "Iuldachev, Saidali"]
[Result "1/2-1/2"]
[WhiteElo "2378"]
[BlackElo "2497"]
[EventDate "2009.05.13"]
[PlyCount "139"]

1.e4 e5 2.Nf3 Nc6 3.Bb5 a6 4.Ba4 Nf6 5.O-O Be7 6.Re1 b5 7.Bb3 d6 8.c3 O-O 
9.h3 Na5 10.Bc2 c5 11.d4 Qc7 12.Nbd2 Be6 13.Nf1 Nc4 14.b3 Nb6 15.Ne3 Rfe8 
16.Bb2 c4 17.b4 g6 18.d5 Bc8 19.g4 h5 20.Nh2 hxg4 21.hxg4 Nh7 22.Nf3 Bf8 
23.Kg2 Bh6 24.Ng1 Qe7 25.Nh3 Qh4 26.f3 Bf4 27.Nf1 Ng5 28.Nxg5 Qxg5 29.Bc1 
Nd7 30.a4 Nf6 31.Bxf4 exf4 32.Nh2 Kg7 33.Qd4 Re5 34.Bd1 Bd7 35.axb5 Bxb5 
36.Rh1 Rh8 37.Nf1 Rh5 38.Ra2 Re8 39.Kg1 Reh8 40.Rhh2 Re8 41.Rag2 Rxh2 42.
Rxh2 Ra8 43.Be2 Qe5 44.Qxe5 dxe5 45.Nd2 Rc8 46.Kf2 Ne8 47.Rh1 Nd6 48.Nb1 
a5 49.Na3 axb4 50.cxb4 Ba4 51.Rc1 Bb3 52.b5 Kf6 53.b6 Rb8 54.Bxc4 Rc8 55.
Rc3 Ba4 56.Ke2 Rb8 57.Bb3 Be8 58.Nc4 Bb5 59.Kd2 Bxc4 60.Bxc4 Rxb6 61.Bd3 
Kg5 62.Rc6 Rxc6 63.dxc6 Kf6 64.Kc3 Ke7 65.Kb4 f6 66.Kc5 Ne8 67.Be2 Nc7 68.
Bc4 Na8 69.Bb3 Nc7 70.Bc4 1/2-1/2

[Event "7th Asia-ch"]
[Site "Subic Bay PHI"]
[Date "2009.05.15"]
[Round "3"]
[White "Al-Sayed, Mohamad Naser"]
[Black "Causo, Deniel"]
[Result "1-0"]
[WhiteElo "2496"]
[BlackElo "2367"]
[EventDate "2009.05.13"]
[PlyCount "81"]

1.e4 d5 2.exd5 Nf6 3.d4 Nxd5 4.Nf3 Bf5 5.Bd3 Bxd3 6.Qxd3 e6 7.O-O c6 8.c4 
Nf6 9.Nc3 Be7 10.Bf4 O-O 11.Rad1 Re8 12.Rfe1 Nbd7 13.h3 Nf8 14.Qc2 Qa5 15.
Bh2 b5 16.c5 b4 17.Ne4 Nxe4 18.Qxe4 Rac8 19.Ne5 Qa6 20.a3 bxa3 21.Ra1 a2 
22.Re3 f6 23.Nf3 e5 24.b4 exd4 25.Qxd4 Rcd8 26.Qb2 Kf7 27.Ra3 Qb5 28.Qxa2+
Rd5 29.Nd4 Qxb4 30.Nxc6 Qxc5 31.Nb4 Rd8 32.Rd3 Qxb4 33.Rxd5 Rxd5 34.Qxd5+ 
Ne6 35.Bg3 Qb6 36.Qh5+ Kg8 37.Qe8+ Bf8 38.Rc1 Nd4 39.Rc8 Qb4 40.Kh2 g6 41.
Rc7 1-0

[Event "7th Asia-ch"]
[Site "Subic Bay PHI"]
[Date "2009.05.15"]
[Round "3"]
[White "Olay, Edgar Reggie"]
[Black "Deepan Chakravarthy, Jeyakumar"]
[Result "0-1"]
[WhiteElo "2348"]
[BlackElo "2482"]
[EventDate "2009.05.13"]
[PlyCount "96"]

1.d4 e6 2.c4 b6 3.Nc3 Bb7 4.a3 Nf6 5.Bg5 h6 6.Bh4 Be7 7.e3 O-O 8.Nf3 d5 9.
Be2 c5 10.O-O Nbd7 11.Rc1 Rc8 12.cxd5 exd5 13.dxc5 bxc5 14.Qb3 Qb6 15.Qxb6
Nxb6 16.h3 Rfd8 17.Rfd1 Kf8 18.Bg3 Ne8 19.Kf1 Nd6 20.Nb5 Nxb5 21.Bxb5 c4 
22.a4 a6 23.a5 axb5 24.axb6 Bd6 25.Ra1 Bxg3 26.Ra7 Rb8 27.fxg3 Rd6 28.e4 
Rxb6 29.exd5 Rd6 30.Ne5 Kg8 31.Kf2 Bxd5 32.Rxf7 b4 33.Rf4 c3 34.bxc3 bxc3 
35.Rfd4 Rf6+ 36.Kg1 c2 37.Rc1 Rb1 38.Nd3 Bb7 39.Rc4 Ba6 40.Rxc2 Bxd3 41.
Rxb1 Bxc2 42.Rb4 Rd6 43.g4 Rd1+ 44.Kf2 Rd2+ 45.Kg3 Bg6 46.Rb8+ Kh7 47.Rb4 
Bf7 48.Rb7 Rxg2+ 0-1

[Event "7th Asia-ch"]
[Site "Subic Bay PHI"]
[Date "2009.05.15"]
[Round "3"]
[White "Villamayor, Buenaventura"]
[Black "Hassan, Abdullah"]
[Result "1/2-1/2"]
[WhiteElo "2474"]
[BlackElo "2322"]
[EventDate "2009.05.13"]
[PlyCount "99"]

1.Nf3 e6 2.c4 Nf6 3.g3 b6 4.Bg2 Bb7 5.O-O Be7 6.Nc3 O-O 7.d4 Ne4 8.Bd2 f5 
9.d5 Bf6 10.Rc1 Na6 11.a3 Nac5 12.b4 Nxc3 13.Bxc3 Ne4 14.Be5 Bxe5 15.Nxe5 
d6 16.Nd3 e5 17.f4 Qe7 18.fxe5 dxe5 19.Bxe4 fxe4 20.Nf2 e3 21.Ne4 Rxf1+ 
22.Qxf1 a5 23.Qf3 axb4 24.axb4 Qxb4 25.Qxe3 Qb2 26.Kf2 Rf8+ 27.Kg2 c6 28.
Nd6 cxd5 29.cxd5 Bxd5+ 30.Kg1 e4 31.Nc8 Be6 32.Nxb6 Qf6 33.h4 Qe5 34.Na4 
Bg4 35.Nc3 Rc8 36.Na2 Ra8 37.Nb4 Bxe2 38.Nc6 Qd6 39.Qxe2 Qxg3+ 40.Kh1 
Qxh4+ 41.Qh2 Qf6 42.Ne5 h6 43.Ng4 Qf3+ 44.Qg2 h5 45.Qxf3 exf3 46.Ne5 Rf8 
47.Kh2 g5 48.Kg3 f2 49.Rf1 g4 50.Nxg4 1/2-1/2

[Event "7th Asia-ch"]
[Site "Subic Bay PHI"]
[Date "2009.05.15"]
[Round "3"]
[White "Celis, Solomon"]
[Black "Harika, Dronavalli"]
[Result "0-1"]
[WhiteElo "2007"]
[BlackElo "2474"]
[EventDate "2009.05.13"]
[PlyCount "104"]

1.d4 Nf6 2.c4 g6 3.Nc3 d5 4.Nf3 Bg7 5.g3 dxc4 6.Qa4+ Nfd7 7.Qxc4 O-O 8.Bg2
Nb6 9.Qd3 Nc6 10.Bf4 Nxd4 11.Nxd4 e5 12.Ndb5 Qxd3 13.exd3 exf4 14.Nxc7 Rb8
15.O-O Bf5 16.Rfd1 fxg3 17.hxg3 Rfd8 18.N3d5 Rd7 19.Nxb6 Rxc7 20.Nd5 Rd7 
21.Re1 Kf8 22.Be4 Bxb2 23.Rab1 Bd4 24.Bxf5 Rxd5 25.Be4 Rc5 26.Re2 b5 27.
Bg2 a5 28.Re4 Rd8 29.Rbe1 b4 30.R1e2 a4 31.Re7 b3 32.axb3 axb3 33.Rb7 Rc1+
34.Kh2 b2 35.Rexb2 Bxb2 36.Rxb2 Rxd3 37.Be4 Rd4 38.Re2 Rcd1 39.Kg2 R1d2 
40.Rxd2 Rxd2 41.Bb7 f5 42.Bf3 Ke7 43.Bc6 Kf6 44.Bb7 g5 45.Bc6 g4 46.Bb5 
Kg5 47.Bc4 f4 48.Bb5 h5 49.Kg1 h4 50.gxh4+ Kxh4 51.Bc4 g3 52.f3 Kg5 0-1

[Event "7th Asia-ch"]
[Site "Subic Bay PHI"]
[Date "2009.05.15"]
[Round "3"]
[White "Lou Yiping"]
[Black "Kazhgaleev, Murtas"]
[Result "1/2-1/2"]
[WhiteElo "2410"]
[BlackElo "2626"]
[EventDate "2009.05.13"]
[PlyCount "97"]

1.d4 d6 2.c4 Nd7 3.Nc3 e5 4.Nf3 Ngf6 5.g3 c6 6.Bg2 e4 7.Ng5 d5 8.O-O Be7 
9.cxd5 cxd5 10.f3 exf3 11.Nxf3 O-O 12.Ne5 Nxe5 13.dxe5 Ng4 14.Qd4 Qb6 15.
Qxb6 axb6 16.Nxd5 Bc5+ 17.Kh1 Be6 18.h3 Nxe5 19.Bf4 Nc6 20.a3 Rad8 21.Rad1
Bd4 22.Nc3 f6 23.g4 g5 24.Bg3 Kg7 25.Bc7 Rd7 26.Nb5 Bxb2 27.Bxb6 Ne5 28.
Rxd7+ Bxd7 29.Rb1 Nc4 30.Nd6 Nxd6 31.Rxb2 Nc4 32.Rb4 Nxa3 33.Bc5 Rc8 34.
Rxb7 Rxc5 35.Rxd7+ Kg8 36.Bd5+ Kf8 37.Be4 h6 38.Rh7 Nc4 39.Rxh6 Ke7 40.Kg2
Ke6 41.h4 gxh4 42.Rxh4 Ne5 43.Bf5+ Ke7 44.Rh7+ Kf8 45.Kf2 Rc3 46.Rb7 Ra3 
47.Rb5 Ra4 48.Kg3 Ra3+ 49.Kf2 1/2-1/2

[Event "7th Asia-ch"]
[Site "Subic Bay PHI"]
[Date "2009.05.15"]
[Round "3"]
[White "Zhang Ziyang"]
[Black "Nguyen Ngoc Truong Son"]
[Result "0-1"]
[WhiteElo "2419"]
[BlackElo "2588"]
[EventDate "2009.05.13"]
[PlyCount "116"]

1.d4 d5 2.Nf3 c6 3.c4 Nf6 4.e3 Bg4 5.h3 Bxf3 6.Qxf3 e6 7.Bd3 Bb4+ 8.Nc3 
Nbd7 9.O-O O-O 10.a3 Bxc3 11.bxc3 Nb6 12.c5 Na4 13.Qd1 Nxc3 14.Qb3 Qa5 15.
Bd2 Ne2+ 16.Bxe2 Qxd2 17.Ra2 Qa5 18.Qxb7 Rfc8 19.Rb1 Kf8 20.Qa6 Qxa6 21.
Bxa6 Rc7 22.Rb7 Rac8 23.Rab2 Ke7 24.f3 Ne8 25.Kf2 Rxb7 26.Rxb7+ Rc7 27.Rb8
Nf6 28.a4 e5 29.a5 Nd7 30.Rb1 Nf8 31.g4 Ne6 32.Rb4 g6 33.Bd3 Kf6 34.Kg3 
Re7 35.a6 h6 36.h4 exd4 37.exd4 g5 38.hxg5+ Nxg5 39.Rb6 Re3 40.Rxc6+ Kg7 
41.Bf5 Rxf3+ 42.Kg2 h5 43.gxh5 Rxf5 44.Rc7 Ne6 45.Rxa7 Rg5+ 46.Kf2 Rxh5 
47.Rd7 Rh2+ 48.Kg3 Ra2 49.Rxd5 Rxa6 50.Kf3 f5 51.Rd7+ Kf6 52.Ke3 f4+ 53.
Kf3 Ra3+ 54.Kg4 Rg3+ 55.Kh4 Rg1 56.c6 f3 57.Rd6 f2 58.c7 Rc1 0-1

[Event "7th Asia-ch"]
[Site "Subic Bay PHI"]
[Date "2009.05.15"]
[Round "3"]
[White "Pascua, Haridas"]
[Black "Filippov, Anton"]
[Result "1/2-1/2"]
[WhiteElo "2359"]
[BlackElo "2584"]
[EventDate "2009.05.13"]
[PlyCount "70"]

1.d4 Nf6 2.c4 e6 3.Nf3 Bb4+ 4.Bd2 Qe7 5.g3 Nc6 6.Bg2 Bxd2+ 7.Nbxd2 d6 8.
O-O e5 9.d5 Nb8 10.e4 O-O 11.Ne1 c6 12.Nd3 cxd5 13.cxd5 Na6 14.Qb3 Nd7 15.
Rac1 Ndc5 16.Nxc5 Nxc5 17.Qe3 b6 18.b4 Na4 19.Rc2 Bd7 20.Rfc1 Rfc8 21.Bf1 
Rxc2 22.Rxc2 a6 23.Bc4 Qd8 24.Bb3 b5 25.Bxa4 bxa4 26.Nc4 Rc8 27.Qc1 Be8 
28.a3 h6 29.Nb2 Rxc2 30.Qxc2 Qd7 31.Qc4 Qb7 32.Qc2 Qd7 33.Qc4 Qb7 34.Qc2 
Qd7 35.Qc4 Qb7 1/2-1/2

[Event "7th Asia-ch"]
[Site "Subic Bay PHI"]
[Date "2009.05.15"]
[Round "3"]
[White "Jia Haoxiang"]
[Black "Hossain, Enamul"]
[Result "1/2-1/2"]
[WhiteElo "2344"]
[BlackElo "2531"]
[EventDate "2009.05.13"]
[PlyCount "85"]

1.d4 Nf6 2.Nf3 c5 3.c4 e6 4.e3 d5 5.Nc3 Nc6 6.Be2 cxd4 7.exd4 Be7 8.O-O 
O-O 9.a3 b6 10.Ne5 Bb7 11.Bf3 Rc8 12.cxd5 Nxe5 13.dxe5 Nxd5 14.Nxd5 Bxd5 
15.Bxd5 Qxd5 16.Qxd5 exd5 17.Bd2 Rc2 18.Bb4 Bc5 19.Bxc5 bxc5 20.Rac1 Rxb2 
21.Rxc5 Rd8 22.Rd1 d4 23.Kf1 h6 24.Rc4 d3 25.Rc3 d2 26.Ke2 Rd5 27.f4 Ra2 
28.g3 a5 29.Rd3 Rxd3 30.Kxd3 Rxa3+ 31.Kc4 h5 32.Rxd2 h4 33.Kd5 hxg3 34.
hxg3 a4 35.f5 Rxg3 36.Kd6 Kf8 37.Kd7 Rb3 38.e6 fxe6 39.fxe6 Rb7+ 40.Kc8 
Rb6 41.Kd7 Rb7+ 42.Kc8 Rb6 43.Kd7 1/2-1/2

[Event "7th Asia-ch"]
[Site "Subic Bay PHI"]
[Date "2009.05.15"]
[Round "3"]
[White "Khamrakulov, Dzhurabek"]
[Black "Wahono, Awam"]
[Result "1/2-1/2"]
[WhiteElo "2524"]
[BlackElo "2391"]
[EventDate "2009.05.13"]
[PlyCount "73"]

1.e4 c5 2.c3 d6 3.d4 Qc7 4.Bd3 Nf6 5.Nf3 g6 6.Na3 Nbd7 7.Qe2 e5 8.Nb5 Qb8 
9.dxe5 dxe5 10.a4 a6 11.Na3 Bg7 12.a5 O-O 13.O-O b5 14.axb6 Nxb6 15.Be3 
Qc7 16.b4 Nbd7 17.Nc4 h6 18.bxc5 Nxc5 19.Bxc5 Qxc5 20.Nfxe5 Nd7 21.Nxd7 
Bxd7 22.Qe3 Qxe3 23.Nxe3 Bxc3 24.Rxa6 Rxa6 25.Bxa6 Ra8 26.Bc4 Ra1 27.Rxa1 
Bxa1 28.f4 Bd4 29.Kf2 Kg7 30.Kf3 f5 31.Bd5 fxe4+ 32.Kxe4 Bxe3 33.Kxe3 g5 
34.Be4 gxf4+ 35.Kxf4 h5 36.h3 Bxh3 37.gxh3 1/2-1/2

[Event "7th Asia-ch"]
[Site "Subic Bay PHI"]
[Date "2009.05.15"]
[Round "3"]
[White "Kim, Alexey"]
[Black "Hoang Canh Huan"]
[Result "0-1"]
[WhiteElo "2481"]
[BlackElo "2378"]
[EventDate "2009.05.13"]
[PlyCount "82"]

1.e4 Nf6 2.e5 Nd5 3.d4 d6 4.c4 Nb6 5.exd6 exd6 6.Nc3 Be7 7.Nf3 O-O 8.Be2 
Bf6 9.Ne4 Re8 10.Nxf6+ Qxf6 11.O-O Nc6 12.b3 Bg4 13.Be3 h6 14.Qd2 a5 15.h3
Bh5 16.g4 Bg6 17.d5 Be4 18.dxc6 Bxf3 19.Bxf3 Qxf3 20.Bxb6 cxb6 21.cxb7 
Rab8 22.Qxd6 Qxh3 23.Qd7 Rbd8 24.Rae1 Rf8 25.Qf5 Rd3 26.Qf4 g5 27.Qe4 Rf3 
28.Re3 Rxe3 29.fxe3 Qg3+ 30.Qg2 Qxe3+ 31.Kh1 Rb8 32.Rf6 Qe1+ 33.Kh2 Rxb7 
34.Rf1 Qe7 35.Qc6 Rd7 36.Qa8+ Rd8 37.Qf3 Rd4 38.Rf2 Qe5+ 39.Kg2 Qe6 40.Kg3
Qd6+ 41.Kg2 Qd7 0-1

[Event "7th Asia-ch"]
[Site "Subic Bay PHI"]
[Date "2009.05.15"]
[Round "3"]
[White "Garcia, Jan Emmanuel"]
[Black "Nguyen Thanh Son"]
[Result "1/2-1/2"]
[WhiteElo "2292"]
[BlackElo "2362"]
[EventDate "2009.05.13"]
[PlyCount "67"]

1.c4 Nf6 2.g3 e6 3.Nf3 d5 4.b3 Be7 5.Bg2 O-O 6.Bb2 b6 7.O-O Bb7 8.cxd5 
exd5 9.d4 Nbd7 10.Nc3 Ne4 11.Nxe4 dxe4 12.Ne5 Nxe5 13.dxe5 Qxd1 14.Rfxd1 
Rfd8 15.Rac1 c5 16.f4 exf3 17.exf3 a5 18.a4 Bd5 19.Rxd5 Rxd5 20.f4 Rad8 
21.Bxd5 Rxd5 22.Bc3 f6 23.Kg2 Rd3 24.e6 g6 25.g4 Kf8 26.f5 gxf5 27.gxf5 
Kg7 28.Rc2 Kh6 29.Bd2+ Kh5 30.h3 Rxb3 31.Bf4 Rb4 32.Kf3 Rb3+ 33.Ke4 Rb4+ 
34.Kf3 1/2-1/2

[Event "7th Asia-ch"]
[Site "Subic Bay PHI"]
[Date "2009.05.15"]
[Round "3"]
[White "Hafizulhelmi, Mas"]
[Black "Bancod, Ronald"]
[Result "1/2-1/2"]
[WhiteElo "2421"]
[BlackElo "2356"]
[EventDate "2009.05.13"]
[PlyCount "109"]

1.e4 e5 2.Bc4 Nf6 3.d3 Nc6 4.Nc3 Bb4 5.Ne2 d5 6.exd5 Nxd5 7.O-O Be6 8.Bxd5
Bxd5 9.f4 O-O 10.f5 f6 11.Ng3 Rf7 12.Be3 Bxc3 13.bxc3 Ne7 14.c4 Bc6 15.a4 
a5 16.c3 Nc8 17.d4 Nb6 18.Qb3 exd4 19.cxd4 Qe7 20.Bd2 Qd7 21.d5 Bxa4 22.
Qd3 Nxc4 23.Qxc4 Bb5 24.Qd4 Bxf1 25.Nxf1 Qxf5 26.Ne3 Qe5 27.Qxe5 fxe5 28.
Bxa5 Rf4 29.h3 Rd4 30.Kf2 Rd3 31.Ke2 e4 32.Ra4 b6 33.Rxe4 Rxe3+ 34.Kxe3 
Rxa5 35.Rc4 Rxd5 36.Rxc7 Rg5 37.g4 Rc5 38.Rb7 Rb5 39.Kf4 h6 40.h4 Kh7 41.
h5 Kg8 42.Kf3 Rb1 43.Kf4 b5 44.g5 Rf1+ 45.Ke4 hxg5 46.Rxb5 Rg1 47.Kf5 Kh7 
48.Rb6 g4 49.Rg6 g3 50.Kf4 Rf1+ 51.Kxg3 Rg1+ 52.Kf4 Rxg6 53.hxg6+ Kh6 54.
Kf5 Kh5 55.Kf4 1/2-1/2

[Event "7th Asia-ch"]
[Site "Subic Bay PHI"]
[Date "2009.05.15"]
[Round "3"]
[White "Akshayraj, Kore"]
[Black "Garma, Edgardo"]
[Result "1-0"]
[WhiteElo "2404"]
[BlackElo "2421"]
[EventDate "2009.05.13"]
[PlyCount "67"]

1.e4 d5 2.exd5 Qxd5 3.Nc3 Qa5 4.Nf3 Nf6 5.Be2 Bg4 6.h3 Bh5 7.b4 Qxb4 8.Rb1
Qd6 9.Rxb7 a6 10.O-O Nbd7 11.d4 e6 12.Ne5 Nxe5 13.Bxh5 Nxh5 14.Qxh5 Qxd4 
15.Bb2 Bd6 16.Nb5 Qf4 17.Nxc7+ Bxc7 18.Rxc7 Ng4 19.hxg4 Qxc7 20.Bxg7 Rg8 
21.Qxh7 O-O-O 22.Bf6 Rde8 23.Qe4 Qb7 24.Qf4 e5 25.Bxe5 Qd5 26.Re1 Rg6 27.
c4 Qb7 28.Rd1 Rge6 29.Qf5 Qc6 30.Rb1 f6 31.Rb8+ Kd7 32.Qh7+ R6e7 33.Qd3+ 
Ke6 34.Rb6 1-0

[Event "7th Asia-ch"]
[Site "Subic Bay PHI"]
[Date "2009.05.16"]
[Round "4"]
[White "Gupta, Abhijeet"]
[Black "Sandipan, Chanda"]
[Result "1/2-1/2"]
[WhiteElo "2570"]
[BlackElo "2558"]
[EventDate "2009.05.13"]
[PlyCount "149"]

1.d4 d5 2.c4 c6 3.Nc3 Nf6 4.Nf3 e6 5.Bg5 h6 6.Bxf6 Qxf6 7.e3 Nd7 8.Bd3 
dxc4 9.Bxc4 g6 10.O-O Bg7 11.Qc2 O-O 12.Ne4 Qe7 13.Bb3 e5 14.Nc3 Kh7 15.
Rfe1 Re8 16.Rac1 e4 17.Nd2 f5 18.Ne2 Nf8 19.Qc5 Qxc5 20.Rxc5 Be6 21.Rc2 
Rad8 22.Bxe6 Nxe6 23.b4 h5 24.Nb3 h4 25.Nc5 Re7 26.Rb1 Ng5 27.h3 Nf7 28.a4
g5 29.b5 cxb5 30.axb5 Rc8 31.b6 axb6 32.Rxb6 Ne5 33.Rc1 Rec7 34.Rxb7 Rxb7 
35.Nxb7 Rxc1+ 36.Nxc1 Nc4 37.Kf1 f4 38.Ke2 fxe3 39.fxe3 g4 40.d5 Bh6 41.d6
Nxe3 42.d7 Bg5 43.Kf2 gxh3 44.gxh3 Nd5 45.Ne2 Kg6 46.d8=Q Bxd8 47.Nxd8 Kf5
48.Nb7 Nf6 49.Nd8 Ng4+ 50.Kg2 Ne3+ 51.Kg1 Nd5 52.Nc6 e3 53.Kg2 Ke4 54.Nd8 
Ne7 55.Ne6 Ng6 56.Ng5+ Kf5 57.Nf3 Ke4 58.Ne1 Ne7 59.Nc3+ Kd4 60.Nb5+ Ke4 
61.Nd6+ Ke5 62.Nf7+ Ke4 63.Ng5+ Kf5 64.Ngf3 Ke4 65.Ng1 Ng6 66.Ne2 Ne5 67.
Nc3+ Kd4 68.Nb5+ Ke4 69.Na3 Kd5 70.Kf1 Ng6 71.Ng2 Ke4 72.Kg1 Kf3 73.Kh2 
Kf2 74.Nc2 e2 75.Nd4 1/2-1/2

[Event "7th Asia-ch"]
[Site "Subic Bay PHI"]
[Date "2009.05.16"]
[Round "4"]
[White "Djao Thien Hai"]
[Black "Sasikiran, Krishnan"]
[Result "1/2-1/2"]
[WhiteElo "2546"]
[BlackElo "2682"]
[EventDate "2009.05.13"]
[PlyCount "62"]

1.d4 Nf6 2.c4 g6 3.Nc3 Bg7 4.e4 d6 5.Be2 O-O 6.Bg5 Nbd7 7.Nf3 h6 8.Bh4 e5 
9.O-O a5 10.Re1 Re8 11.Bf1 c6 12.dxe5 dxe5 13.Na4 Qe7 14.Qc1 b6 15.Qe3 Rb8
16.Rad1 Kh7 17.h3 Qb4 18.b3 Nh5 19.g4 Nf4 20.Bg3 Rb7 21.Qd2 Ne6 22.Qb2 Nd4
23.Nxd4 exd4 24.Qb1 Ne5 25.Kg2 b5 26.Nb2 bxc4 27.Nxc4 Nxc4 28.Bxc4 a4 29.
Rc1 Be6 30.Qd3 axb3 31.axb3 c5 1/2-1/2

[Event "7th Asia-ch"]
[Site "Subic Bay PHI"]
[Date "2009.05.16"]
[Round "4"]
[White "Bitoon, Richard"]
[Black "Ganguly, Surya Shekhar"]
[Result "1/2-1/2"]
[WhiteElo "2479"]
[BlackElo "2625"]
[EventDate "2009.05.13"]
[PlyCount "28"]

1.e4 e6 2.d4 d5 3.Nc3 Bb4 4.e5 c5 5.Bd2 Ne7 6.dxc5 Nd7 7.Qg4 Bxc5 8.Qxg7 
Ng6 9.Bb5 a6 10.Bxd7+ Bxd7 11.Nf3 Bf8 12.Qf6 Be7 13.Qg7 Bf8 14.Qf6 Be7 
1/2-1/2

[Event "7th Asia-ch"]
[Site "Subic Bay PHI"]
[Date "2009.05.16"]
[Round "4"]
[White "Le Quang Liem"]
[Black "Gomez, John Paul"]
[Result "1-0"]
[WhiteElo "2591"]
[BlackElo "2538"]
[EventDate "2009.05.13"]
[PlyCount "105"]

1.d4 Nf6 2.Nf3 e6 3.c4 Bb4+ 4.Bd2 Qe7 5.g3 Nc6 6.Nc3 d6 7.Bg2 O-O 8.O-O 
Bxc3 9.Bxc3 e5 10.b4 e4 11.Ne1 d5 12.b5 Nd8 13.Nc2 Re8 14.Ne3 c6 15.bxc6 
bxc6 16.Qa4 Bd7 17.Rab1 c5 18.Qa3 Nc6 19.Nxd5 Nxd5 20.cxd5 cxd4 21.Qxe7 
Nxe7 22.Bxd4 Nxd5 23.Rfc1 h6 24.Rb7 Bf5 25.h3 a6 26.Rc5 Red8 27.e3 Rac8 
28.Rxc8 Rxc8 29.g4 Bg6 30.Bf1 a5 31.Rb5 Nb4 32.Rxa5 Nd3 33.a4 f6 34.h4 Bf7
35.g5 hxg5 36.hxg5 Be6 37.Ra6 Kf7 38.Kg2 Rc2 39.Kg3 Rxf2 40.Bg2 Rf5 41.g6+
Ke7 42.Rxe6+ Kxe6 43.Bh3 Nb4 44.a5 Na6 45.Bg4 Nb4 46.Kg2 Na6 47.Bc3 Nc5 
48.Be1 Ke5 49.Bg3+ Ke6 50.Bf4 Na6 51.Kf2 Nb4 52.Ke2 Nd5 53.a6 1-0

[Event "7th Asia-ch"]
[Site "Subic Bay PHI"]
[Date "2009.05.16"]
[Round "4"]
[White "Li Shilong"]
[Black "Rahman, Ziaur"]
[Result "0-1"]
[WhiteElo "2557"]
[BlackElo "2523"]
[EventDate "2009.05.13"]
[PlyCount "82"]

1.d4 d5 2.c4 e6 3.Nf3 c6 4.e3 Bd6 5.Bd3 f5 6.O-O Nf6 7.b3 Qe7 8.Bb2 O-O 9.
Qc1 Ne4 10.Ba3 Nd7 11.Bxd6 Qxd6 12.Qa3 c5 13.Nbd2 b6 14.cxd5 exd5 15.Rfd1 
Bb7 16.dxc5 Ndxc5 17.b4 Nxd3 18.Qxd3 Qxb4 19.Nd4 Nc5 20.Qc2 Rac8 21.a3 Qa4
22.Qb2 f4 23.N2f3 fxe3 24.fxe3 Qe8 25.Qf2 Ba6 26.Rac1 Bd3 27.Kh1 Bg6 28.
Qa2 Rd8 29.Rc3 Be4 30.Qe2 Rd6 31.Kg1 Rh6 32.Rf1 Rhf6 33.Rd1 Qg6 34.Kh1 Qh5
35.Kg1 Rxf3 36.gxf3 Rxf3 37.Nxf3 Bxf3 38.Qb2 Qg4+ 39.Kf1 Bxd1 40.Rxc5 Qf3+
41.Ke1 Qh1+ 0-1

[Event "7th Asia-ch"]
[Site "Subic Bay PHI"]
[Date "2009.05.16"]
[Round "4"]
[White "Deepan Chakravarthy, Jeyakumar"]
[Black "Hou Yifan"]
[Result "0-1"]
[WhiteElo "2482"]
[BlackElo "2590"]
[EventDate "2009.05.13"]
[PlyCount "62"]

1.Nf3 Nf6 2.c4 e6 3.Nc3 d5 4.d4 Bb4 5.cxd5 exd5 6.Bg5 Nbd7 7.e3 c5 8.Qc2 
O-O 9.Bd3 Qa5 10.O-O c4 11.Bf5 Re8 12.Nd2 g6 13.Bh3 Kg7 14.Bh4 Nb6 15.Bxc8
Raxc8 16.Bxf6+ Kxf6 17.a3 Bxc3 18.bxc3 Na4 19.Rac1 Kg7 20.Rfe1 Rc6 21.e4 
dxe4 22.Rxe4 Rxe4 23.Nxe4 Re6 24.h4 Re7 25.Ng3 Nb6 26.Qd2 h6 27.Qa2 h5 28.
Qd2 Qxa3 29.Qg5 Kh7 30.Rd1 Qd6 31.d5 Re5 0-1